000 00834nam a2200253Ia 4500
003 OSt
005 20220923211134.0
006 a|||||r|||| 00| 0
007 ta
008 Pun
020 _a8185544581 (hbk)
_c100
024 _a243,252
037 _b327, 08/10/2010, H.K. Prakashan
_cTextual
040 _aARTS
_cARTS
_bPun
041 _2Pun
_aPun
082 _aO153:gN, P2
100 _aਨੂਰ, ਸੁਰਿੰਦਰ ਸਿੰਘ
_9158641
245 0 _aਸਮਕਾਲੀ ਪਰਬਵਾਦੀ ਚਿੰਤਨ
260 _aਦਿੱਲੀ
_b ਪੰਜਾਬੀ ਅਕਾਦਮੀ
_c2002
300 _a90ਪੰ
_ccm.
650 _aਪੰਜਾਬੀ ਸਾਹਿਤ
942 _hO153:gN, P2
_cTEXL
_2CC
999 _c295818
_d295818